| 000 | 00000nas 2200000zi 4500 |
| 001 | 9.883506 |
| 003 | CaOODSP |
| 005 | 20250219111411 |
| 006 | m o d f |
| 007 | cr ||||||||||| |
| 008 | 200113d19931997abc x m o f0###a0eng|d |
| 022 | |y1192-3571 |
| 040 | |aCaOODSP|beng|erda|cCaOODSP |
| 043 | |an-cn-ab|an-cn-bc |
| 086 | 1 |aR71-49/3E-PDF |
| 130 | 0 |aNorthern River Basins Study project report. |
| 245 | 10|aNorthern River Basins Study project report. |
| 246 | 30|aProject report |
| 264 | 1|aEdmonton, Alberta : |bNorthern River Basins Study, |c1993-1997. |
| 310 | |aIrregular |
| 336 | |atext|btxt|2rdacontent |
| 337 | |acomputer|bc|2rdamedia |
| 338 | |aonline resource|bcr|2rdacarrier |
| 362 | 1 |aBegan with no. 1 (1993); ceased with no. 148 (Feb. 1997). |
| 500 | |aDigitized edition from print [produced by Environment and Climate Change Canada]. |
| 530 | |aIssued also in print format. |
| 588 | |aDescription based on: no. 131. |
| 650 | 0|aWater quality|zAlberta. |
| 650 | 0|aWater quality|zBritish Columbia. |
| 650 | 0|aWatershed management|zAlberta|zAthabasca River Watershed. |
| 650 | 0|aWatershed management|zPeace River Watershed (B.C. and Alta.) |
| 650 | 0|aWatershed management|zSlave River Watershed (Alta. and N.W.T.) |
| 650 | 6|aEau|xQualité|zAlberta. |
| 650 | 6|aEau|xQualité|zColombie-Britannique. |
| 650 | 6|aBassins hydrographiques|xGestion|zAthabasca, Bassin de l'(Alb.) |
| 650 | 6|aBassins hydrographiques|xGestion|zPaix, Bassin de la rivière de la (C.-B. et Alb.) |
| 650 | 6|aBassins hydrographiques|xGestion|zEsclaves, Région de la rivière des (Alb. et T.N.-O.) |
| 710 | 2 |aNorthern River Basins Study (Canada). |
| 776 | 0#|tNorthern River Basins Study project report |w(CaOODSP)9.514881 |